| 000 | 00634nam a2200193 i 4500 | ||
|---|---|---|---|
| 001 | 47309 | ||
| 003 | ES-MaACL | ||
| 005 | 20231229062541.0 | ||
| 007 | t| | ||
| 008 | 030407s1972 sp ||||1| spa d | ||
| 130 | 0 |
_aCoplas de Mingo Revulgo. _9160681 |
|
| 245 | 1 | 0 |
_aCoplas de Mingo Revulgo / _cglosadas por Hernando del Pulgar ; [noticia preliminar de Fedérico Carlos Sainz de Robles]. |
| 260 |
_aMadrid : _bEspasa-Calpe, _c1972. |
||
| 300 |
_a17 p. ; _c20 cm. |
||
| 500 | _aEd. facsímil. | ||
| 700 | 1 |
_aSainz de Robles, Federico Carlos, _d1898-1982 _9101593 |
|
| 852 |
_aES-MaACL _jC-49287 _bR.84240 |
||
| 999 |
_c47309 _d47309 |
||